| 000 | 00387nam a22001697a 4500 | ||
|---|---|---|---|
| 005 | 20160624115116.0 | ||
| 008 | 160624b xxu||||| |||| 00| 0 eng d | ||
| 020 | _a0-19-566986-X | ||
| 041 | _aeng | ||
| 082 | _b9510 | ||
| 100 |
_aBajaj, Chetan and others _92464 |
||
| 245 | _aRetail Management | ||
| 260 |
_bOxford _c2009 |
||
| 300 | _a622 | ||
| 650 |
_aManagement _9241 |
||
| 942 | _cBK | ||
| 999 |
_c3803 _d3802 |
||